[Event "ROM-ch U08"]
[Site "Calimanesti Caciulata"]
[Date "2016.04.24"]
[Round "8"]
[White "Coltan, Rares Dimitri"]
[Black "Bobe, Mihai Cosmin"]
[Result "1-0"]
[WhiteElo "1001"]
[BlackElo "1153"]
[PlyCount "75"]
[EventDate "2016.04.18"]
[EventType "swiss"]
[EventRounds "9"]
[EventCountry "ROU"]
[SourceTitle "CBM 172 Extra"]
[Source "ChessBase"]
[SourceDate "2016.06.21"]
[SourceVersion "1"]
[SourceVersionDate "2016.06.21"]
[SourceQuality "1"]

1. e4 e6 2. d4 d5 3. Nc3 Nf6 4. exd5 exd5 5. Nf3 Bd6 6. Bb5+ Nc6 7. 0-0 0-0 8. Bg5 Bg4 9. Nxd5 Be7 10. Nxe7+ Qxe7 11. Re1 Qd6 12. Bxc6 bxc6 13. Qd3 c5 14. dxc5 Qxd3 15. cxd3 Rad8 16. Bxf6 gxf6 17. Re4 Bf5 18. Rf4 Bxd3 19. Rxf6 Rd7 20. Ne5 Rd5 21. Nxd3 Rxd3 22. Rf3 Rd5 23. Rg3+ Kh8 24. Rf3 Rfd8 25. h3 Rxc5 26. Rxf7 Rc2 27. Rb1 Rc4 28. b3 Rc2 29. b4 Rxa2 30. Rxc7 Rad2 31. Rxa7 Rb8 32. Rc1 Rb2 33. Rc4 Rd8 34. Kh2 Rb8 35. Re7 Rxf2 36. Rcc7 Rbf8 37. Rxh7+ Kg8 38. Rcg7# 1-0

[Event "ROM-ch U08"]
[Site "Calimanesti Caciulata"]
[Date "2016.04.20"]
[Round "3"]
[White "Strajan, Andrei Mihai"]
[Black "Coltan, Rares Dimitri"]
[Result "1-0"]
[WhiteElo "1031"]
[BlackElo "1001"]
[PlyCount "141"]
[EventDate "2016.04.18"]
[EventType "swiss"]
[EventRounds "9"]
[EventCountry "ROU"]
[SourceTitle "CBM 172 Extra"]
[Source "ChessBase"]
[SourceDate "2016.06.21"]
[SourceVersion "1"]
[SourceVersionDate "2016.06.21"]
[SourceQuality "1"]

1. e4 c6 2. Nf3 d5 3. e5 Bg4 4. Be2 Nd7 5. 0-0 Bxf3 6. Bxf3 Nxe5 7. Re1 Nxf3+ 8. Qxf3 Nf6 9. Qb3 Rb8 10. Nc3 e6 11. Qa4 Be7 12. Qxa7 0-0 13. Qe3 d4 14. Qe2 dxc3 15. bxc3 Qd5 16. Qd1 Qh5 17. Bb2 Bd6 18. g3 Qxd1 19. Raxd1 Be7 20. c4 Ra8 21. Bxf6 Bxf6 22. Rb1 Rxa2 23. Rxb7 Ra1 24. Rxa1 Bxa1 25. Rc7 Rb8 26. Rxc6 Rb1+ 27. Kg2 h6 28. Ra6 Rd1 29. c5 Be5 30. Ra5 Bc7 31. Ra7 Be5 32. c3 Rxd2 33. Ra5 Bxc3 34. Ra3 Bd4 35. c6 Rxf2+ 36. Kh1 Rf1+ 37. Kg2 Rg1+ 38. Kh3 Ra1 39. Rxa1 Bxa1 40. c7 g5 41. c8Q+ Kh7 42. Qb8 h5 43. Qb1+ Kh6 44. Qxa1 g4+ 45. Kg2 Kg5 46. Qc1+ Kf5 47. Qf4+ Kg6 48. Qe4+ f5 49. Qc6 Kf6 50. Qc3+ e5 51. Qc6+ Kg5 52. Qd6 e4 53. Qf4+ Kf6 54. Qh6+ Ke5 55. Qxh5 Kd4 56. Qxf5 e3 57. Qxg4+ Kd3 58. Qd1+ Ke4 59. Qf3+ Kd3 60. Kf1 Kd2 61. Qe2+ Kc3 62. Qxe3+ Kc2 63. h4 Kd1 64. h5 Kc2 65. h6 Kb2 66. h7 Kc2 67. h8R Kd1 68. Rd8+ Kc2 69. Qc5+ Kb3 70. Rb8+ Ka4 71. Qa7# 1-0